00356nam a2200157Ia 4500008004000000041000800040082001200048100001900060245003100079260004100110650000900151650001000160650001200170650000700182650000900189210210b1936 xxu||||| |||| 00| 0 eng d aeng a829/347 aDUNSANY (Lord) aMy talks with dean spanley aLondonbWilliam Heinemann Ltd.c1936 awith atalks aspanley aMy adean